| 000 | 00563nam a2200169 i 4500 | ||
|---|---|---|---|
| 001 | 95059 | ||
| 003 | ES-MaACL | ||
| 005 | 20250916205409.0 | ||
| 007 | t| | ||
| 008 | 050520s1935 fr ||||1| fre d | ||
| 245 | 0 | 5 |
_aA la lumiere du marxisme _b: essais. Sciencies physico-mathematiques. Sciences naturelles. Sciences humaines / _cintroduction du Dr. Henry Wallon. |
| 260 |
_aParis : _bSociales Internationales, _c1935. |
||
| 300 |
_a312 p. ; _c23 cm. |
||
| 700 | 1 |
_aWallon, Henri, _d1879-1962 _9152275 |
|
| 852 |
_aES-MaACL _jA-4315 |
||
| 999 |
_c95059 _d95059 |
||